000 00283nam a2200109Ia 4500
008 200302s9999 xx 000 0 und d
100 _aNigel Cawthorne
245 _aThe Art to India
260 _bHamlyn a Division of Octopus Publishing Group Ltd.
260 _c1997
300 _a92 P.,
999 _c1570
_d1570